Score 0/14 Timer 01:30
0 Plays Today
% Correct
Hungry
95.1%
Name
90.7%
Whisperer
90.5%
Trojan
89.6%
Race
88.4%
Gift
84.6%
Kingdom
83.5%
% Correct
Pretty
83.3%
Nebula
80.7%
Charley
80.1%
Collar
79.2%
BoJack
76.3%
Death
74.5%
Feathers
69.8%

Today's Daily Dose

Remove Ads.
Support Sporcle.
Get the best of Sporcle when you Go Orange. This ad-free experience offers more features, more stats, and more fun while also helping to support Sporcle. Thank you for becoming a member.

You're not logged in!

Compare scores with friends on all Sporcle quizzes.
OR
Log In

Show Comments

Extras

Top Quizzes Today


Score Distribution

Your Account Isn't Verified!

In order to create a playlist on Sporcle, you need to verify the email address you used during registration. Go to your Sporcle Settings to finish the process.

Report this User

Report this user for behavior that violates our Community Guidelines.

Details: